A Man Apart Lion of Marwar/ (Record no. 188295)

MARC details
000 -LEADER
fixed length control field 00499nam a22001817a 4500
005 - DATE AND TIME OF LATEST TRANSACTION
control field 20220517152701.0
010 ## - LCCN (DPL NO)
LC control number ENG-132650
020 ## - INTERNATIONAL STANDARD BOOK NUMBER
International Standard Book Number 978818858501
Terms of availability 250.00
035 ## - SYSTEM CONTROL NUMBER
System control number EN-116182
037 ## - SOURCE OF ACQUISITION
Source of stock number/acquisition DBAD/PUB
082 ## - DEWEY DECIMAL CLASSIFICATION NUMBER
Classification number 338.9
100 ## - MAIN ENTRY--PERSONAL NAME
Personal name Ranga, Baldeo Das
245 ## - TITLE STATEMENT
Title A Man Apart Lion of Marwar/
Statement of responsibility, etc Baldeo Das Ranga
260 ## - PUBLICATION, DISTRIBUTION, ETC. (IMPRINT)
Place of publication, distribution, etc Bikaner
Name of publisher, distributor, etc Richa Publishers
Date of publication, distribution, etc 2011
270 ## - ADDRESS
Address Bission ka Chowk
City Bikaner
300 ## - PHYSICAL DESCRIPTION
Extent 204p.
Dimensions 22cm(hbk)
942 ## - ADDED ENTRY ELEMENTS (KOHA)
Source of classification or shelving scheme Dewey Decimal Classification
Item type English Books
Classification part 338.9
Call number suffix RAN
Holdings
Withdrawn status Lost status Not for loan Collection code Home library Current library Date acquired Source of acquisition Cost, normal purchase price Full call number Barcode Copy number Cost, replacement price Koha item type
      Non-fiction Patel Nagar Patel Nagar 17/05/2022 DBAD/PUB 250.00 338.9 RAN EN-116182 1 250.00 English Books

© Delhi Public Library
Hit Counter
free hit counter